[Event "HUN-chT U18"]
[Site "Budapest"]
[Date "2021.10.24"]
[Round "1.8"]
[White "Losonczi, Marcell"]
[Black "Varga, Gabor"]
[Result "1-0"]
[WhiteElo "2287"]
[BlackElo "1960"]
[PlyCount "65"]
[EventDate "2021.10.24"]
[EventType "team-tourn"]
[EventRounds "7"]
[EventCountry "HUN"]
[SourceTitle "CBM 205 Extra"]
[Source "ChessBase"]
[SourceDate "2022.01.31"]
[SourceVersion "1"]
[SourceVersionDate "2022.01.31"]
[SourceQuality "1"]

1. e4 c5 2. Nf3 e6 3. c4 Nc6 4. Be2 Qc7 5. 0-0 Nf6 6. Nc3 a6 7. d4 cxd4 8. Nxd4 Be7 9. Be3 0-0 10. Rc1 d6 11. f3 h6 12. Nd5 Qd8 13. Nxe7+ Qxe7 14. Qd2 Rd8 15. Rfd1 Bd7 16. Nb3 Be8 17. Bb6 Rd7 18. Qe3 e5 19. Rd2 Nh5 20. Rcd1 g5 21. Na5 Nf4 22. Bf1 f6 23. Qa3 Qg7 24. g3 Ne6 25. Bh3 Bf7 26. Nxc6 bxc6 27. Rxd6 Rxd6 28. Qxd6 Re8 29. Qxc6 Nd4 30. Bxd4 exd4 31. Rxd4 f5 32. Qd6 g4 33. exf5 1-0

[Event "Hello Sakk Cup Capablanca"]
[Site "Tornelo INT"]
[Date "2021.02.28"]
[Round "6"]
[White "Persanyi, Barnabas"]
[Black "Losonczi, Marcell"]
[Result "1-0"]
[WhiteElo "2364"]
[BlackElo "2287"]
[PlyCount "103"]
[EventDate "2021.02.21"]
[EventType "tourn (rapid)"]
[EventRounds "7"]
[EventCountry "HUN"]
[SourceTitle "CBM 200 Extra"]
[Source "ChessBase"]
[SourceDate "2021.03.31"]
[SourceVersion "1"]
[SourceVersionDate "2021.03.31"]
[SourceQuality "1"]

1. c4 b6 2. Nc3 Bb7 3. e4 g6 4. g3 Bg7 5. Bg2 c5 6. Nge2 e6 7. 0-0 Nc6 8. d3 Nge7 9. Be3 0-0 10. d4 d6 11. Rc1 Qb8 12. b3 Rd8 13. d5 exd5 14. cxd5 Ne5 15. h3 Ba6 16. Qd2 b5 17. f4 b4 18. Na4 Nd7 19. e5 Nf5 20. Bf2 dxe5 21. g4 Nd4 22. Bxd4 exd4 23. Rfe1 Qd6 24. g5 Rac8 25. Ng3 Nb6 26. Ne4 Qf8 27. Naxc5 Bb5 28. Qxb4 a6 29. d6 Nd5 30. Qd2 Rxd6 31. Nxd6 Qxd6 32. Ne4 Qd7 33. Rxc8+ Qxc8 34. a4 Bd7 35. Ng3 Ne3 36. Rxe3 dxe3 37. Qxe3 Bxh3 38. Ne4 Be6 39. Nf6+ Kh8 40. Kh2 Qd8 41. Ne4 Qd4 42. Qxd4 Bxd4 43. b4 Bb3 44. b5 axb5 45. axb5 Ba4 46. Nd6 Bc5 47. Nxf7+ Kg7 48. Ne5 Bxb5 49. Kg3 Bd6 50. Ng4 Bd7 51. Nf2 Bf5 52. Be4 1-0

[Event "Hello Sakk Cup Capablanca"]
[Site "Tornelo INT"]
[Date "2021.02.21"]
[Round "3"]
[White "Losonczi, Marcell"]
[Black "Demeter, Dorina"]
[Result "1-0"]
[WhiteElo "2287"]
[BlackElo "2022"]
[PlyCount "65"]
[EventDate "2021.02.21"]
[EventType "tourn (rapid)"]
[EventRounds "7"]
[EventCountry "HUN"]
[SourceTitle "CBM 200 Extra"]
[Source "ChessBase"]
[SourceDate "2021.03.31"]
[SourceVersion "1"]
[SourceVersionDate "2021.03.31"]
[SourceQuality "1"]

1. e4 e5 2. Nf3 Nc6 3. Bb5 a6 4. Ba4 Nf6 5. 0-0 Be7 6. d3 b5 7. Bb3 d6 8. a3 Be6 9. Bxe6 fxe6 10. Nc3 0-0 11. d4 exd4 12. Nxd4 Nxd4 13. Qxd4 e5 14. Qd3 Qd7 15. Bg5 Nh5 16. Bxe7 Qxe7 17. Nd5 Qf7 18. Qh3 c6 19. Ne7+ Kh8 20. Nf5 d5 21. Ng3 Nf4 22. Qg4 Rae8 23. Rae1 Re6 24. Re3 Rg6 25. Qf3 d4 26. Ree1 h5 27. Kh1 h4 28. Nf5 Rxg2 29. Qxf4 exf4 30. Kxg2 Qh5 31. f3 Rf6 32. Kf2 c5 33. Rg1 1-0

[Event "Hello Sakk Cup Capablanca"]
[Site "Tornelo INT"]
[Date "2021.02.21"]
[Round "1"]
[White "Losonczi, Marcell"]
[Black "Forgacs, Attila Jr"]
[Result "0-1"]
[WhiteElo "2287"]
[BlackElo "2148"]
[PlyCount "104"]
[EventDate "2021.02.21"]
[EventType "tourn (rapid)"]
[EventRounds "7"]
[EventCountry "HUN"]
[SourceTitle "CBM 200 Extra"]
[Source "ChessBase"]
[SourceDate "2021.03.31"]
[SourceVersion "1"]
[SourceVersionDate "2021.03.31"]
[SourceQuality "1"]

1. e4 e5 2. Nf3 Nc6 3. Bb5 a6 4. Ba4 Nf6 5. 0-0 Be7 6. d3 b5 7. Bb3 d6 8. c3 0-0 9. Re1 h6 10. Nbd2 Re8 11. Nf1 Bf8 12. Nh4 Be6 13. Bxe6 Rxe6 14. Nf5 Kh7 15. Qf3 g6 16. N5e3 Bg7 17. Nd5 Ne7 18. Nfe3 Nexd5 19. Nxd5 Nxd5 20. exd5 Re7 21. Qh3 Qd7 22. Qh4 f5 23. Bg5 Rf7 24. Re3 Rh8 25. Rh3 Kg8 26. Bd2 f4 27. f3 Bf6 28. Qf2 Qf5 29. Qe2 g5 30. Qe4 Qxe4 31. dxe4 Kg7 32. g4 Rc8 33. Rh5 c6 34. dxc6 Rxc6 35. h4 Rd7 36. hxg5 Bxg5 37. Kf1 d5 38. exd5 Rxd5 39. Ke2 Rcd6 40. Be1 Rd3 41. Bh4 Re3+ 42. Kf1 Rxf3+ 43. Kg2 Re3 44. Bxg5 Rd2+ 45. Kf1 hxg5 46. Rxg5+ Kf6 47. Rf5+ Kg6 48. Rf8 Rf3+ 49. Ke1 Rff2 50. Re8 Rde2+ 51. Kd1 e4 52. a4 f3 0-1

[Event "HUN-chT 1920"]
[Site "Hungary"]
[Date "2019.12.01"]
[Round "3.12"]
[White "Egyed, Judit"]
[Black "Losonczi, Marcell"]
[Result "0-1"]
[WhiteElo "2080"]
[BlackElo "2254"]
[PlyCount "140"]
[EventDate "2019.11.16"]
[EventType "team-tourn"]
[EventRounds "9"]
[EventCountry "HUN"]
[SourceTitle "CBM 193 Extra"]
[Source "ChessBase"]
[SourceDate "2020.01.31"]
[SourceVersion "1"]
[SourceVersionDate "2020.01.31"]
[SourceQuality "1"]
[WhiteTeam "Budapest MTK"]
[BlackTeam "Paks"]
[WhiteTeamCountry "HUN"]
[BlackTeamCountry "HUN"]

1. e4 e5 2. Nf3 Nc6 3. Bb5 a6 4. Ba4 Nf6 5. 0-0 Nxe4 6. Re1 Nc5 7. Bxc6 dxc6 8. Nxe5 Be6 9. Qh5 Qe7 10. d4 Nd7 11. Bg5 Nf6 12. Bxf6 Qxf6 13. Ng4 Qg6 14. Qxg6 hxg6 15. Ne5 Bd6 16. Nd2 0-0-0 17. Ne4 Be7 18. c3 Bd5 19. b4 Rh6 20. f3 f6 21. Nd3 g5 22. Nef2 Bd6 23. h3 b6 24. a4 Rhh8 25. Ne4 Bf8 26. a5 Kb7 27. Ndf2 Rd7 28. Rab1 Be7 29. Nd2 Bf7 30. Re2 Rhd8 31. Nd3 Bg6 32. Rbe1 Bd6 33. Ne4 Bf8 34. Nef2 Rd5 35. Ra1 c5 36. bxc5 bxc5 37. Rb2+ Kc6 38. Ne4 cxd4 39. c4 R5d7 40. c5 Kd5 41. Nb4+ Ke6 42. c6 Rf7 43. Nxa6 Bxe4 44. fxe4 d3 45. Rb7 d2 46. Rd1 Bd6 47. Rxd2 Ra8 48. Nb4 Rxa5 49. Nc2 Ke5 50. Kf2 Rc5 51. Nd4 Rc4 52. Nf3+ Ke6 53. Nd4+ Rxd4 54. Rxd4 Bc5 55. Ke3 Bxd4+ 56. Kxd4 Kd6 57. Rb5 Re7 58. Rd5+ Kxc6 59. Rc5+ Kd6 60. Rd5+ Ke6 61. Kc5 Rd7 62. Kc6 Rd6+ 63. Kxc7 Rxd5 64. exd5+ Kxd5 65. Kd7 f5 66. Ke7 g4 67. hxg4 fxg4 68. Kf7 Ke4 69. Kg6 g3 70. Kg5 Ke3 0-1

[Event "HUN-chT U18"]
[Site "Budapest"]
[Date "2019.10.28"]
[Round "5.1"]
[White "Bohus, Adam"]
[Black "Losonczi, Marcell"]
[Result "1-0"]
[WhiteElo "2229"]
[BlackElo "2249"]
[PlyCount "99"]
[EventDate "2019.10.26"]
[EventType "team-swiss"]
[EventRounds "7"]
[EventCountry "HUN"]
[SourceTitle "CBM 192 Extra"]
[Source "Chessbase"]
[SourceDate "2019.11.06"]
[SourceVersion "1"]
[SourceVersionDate "2019.11.06"]
[SourceQuality "1"]
[WhiteTeam "Geniusz Tata"]
[BlackTeam "Paks Atomeromu"]
[WhiteTeamCountry "HUN"]
[BlackTeamCountry "HUN"]

1. e4 e5 2. Nf3 Nc6 3. Bb5 a6 4. Ba4 Nf6 5. Nc3 b5 6. Bb3 Be7 7. d3 d6 8. a3 0-0 9. Nd5 Na5 10. Ba2 Nxd5 11. Bxd5 c6 12. Ba2 c5 13. 0-0 Be6 14. Bxe6 fxe6 15. b4 Nb7 16. Be3 Rc8 17. Qb1 Qd7 18. Rd1 Bf6 19. Qb2 Rc7 20. c3 Rfc8 21. Rac1 Qc6 22. Qb1 a5 23. d4 exd4 24. cxd4 axb4 25. axb4 c4 26. d5 exd5 27. exd5 Qe8 28. Bd4 c3 29. Qd3 Bxd4 30. Nxd4 Rc4 31. Nc6 Qe4 32. Qxe4 Rxe4 33. Rxc3 Kf8 34. Rf3+ Ke8 35. Ra3 Nd8 36. f3 Re2 37. Nd4 Rb2 38. Re1+ Kf8 39. Rae3 Rxb4 40. Re8+ Kf7 41. Nc6 Rxc6 42. R8e7+ Kf6 43. dxc6 Nxc6 44. R7e6+ Kf7 45. Rxd6 Rc4 46. Rd7+ Kf6 47. Rd6+ Kf7 48. Rdd1 Nd4 49. Re4 Nb3 50. Rd7+ 1-0

[Event "HUN-chT U18"]
[Site "Budapest"]
[Date "2019.10.28"]
[Round "4.1"]
[White "Losonczi, Marcell"]
[Black "Papp, Bence"]
[Result "1-0"]
[WhiteElo "2249"]
[BlackElo "2184"]
[PlyCount "63"]
[EventDate "2019.10.26"]
[EventType "team-swiss"]
[EventRounds "7"]
[EventCountry "HUN"]
[SourceTitle "CBM 192 Extra"]
[Source "Chessbase"]
[SourceDate "2019.11.06"]
[SourceVersion "1"]
[SourceVersionDate "2019.11.06"]
[SourceQuality "1"]
[WhiteTeam "Paks Atomeromu"]
[BlackTeam "Meritum Egyesuelet"]
[WhiteTeamCountry "HUN"]
[BlackTeamCountry "HUN"]

1. e4 c5 2. Nf3 d6 3. d4 cxd4 4. Nxd4 Nf6 5. Nc3 a6 6. f3 e5 7. Nb3 Be6 8. Be3 Be7 9. Qd2 0-0 10. 0-0-0 b5 11. Nd5 Bxd5 12. exd5 Nbd7 13. Na5 Qc7 14. Nc6 Bd8 15. Nxd8 Rfxd8 16. Qf2 Rdc8 17. g4 Qb7 18. Bg2 b4 19. g5 b3 20. axb3 Nh5 21. Bh3 a5 22. Rd3 Nc5 23. Rc3 Rc7 24. Bxc5 dxc5 25. d6 Rc6 26. Rd1 Nf4 27. Bf5 Qa6 28. d7 Rd8 29. Rxc5 a4 30. Rxe5 g6 31. Re8+ Kg7 32. Qd4+ 1-0

[Event "HUN-chT U18"]
[Site "Budapest"]
[Date "2019.10.27"]
[Round "3.2"]
[White "Losonczi, Marcell"]
[Black "Kozsik, Bende Barnabas"]
[Result "1-0"]
[WhiteElo "2249"]
[BlackElo "1943"]
[PlyCount "118"]
[EventDate "2019.10.26"]
[EventType "team-swiss"]
[EventRounds "7"]
[EventCountry "HUN"]
[SourceTitle "CBM 192 Extra"]
[Source "Chessbase"]
[SourceDate "2019.11.06"]
[SourceVersion "1"]
[SourceVersionDate "2019.11.06"]
[SourceQuality "1"]
[WhiteTeam "Paks Atomeromu"]
[BlackTeam "Barcza Gedeon"]
[WhiteTeamCountry "HUN"]
[BlackTeamCountry "HUN"]

1. e4 c5 2. Nf3 e6 3. d4 cxd4 4. Nxd4 a6 5. c4 Nf6 6. Nc3 Qc7 7. Be3 Bb4 8. Nc2 Bxc3+ 9. bxc3 0-0 10. Bd3 d5 11. exd5 exd5 12. c5 Nc6 13. h3 Qa5 14. Qd2 Ne4 15. Bxe4 dxe4 16. Nb4 Be6 17. 0-0 Rad8 18. Nxc6 bxc6 19. Bd4 f6 20. Qf4 Bd5 21. Rfb1 Rde8 22. Rb7 Rf7 23. Rb2 Qa3 24. Rab1 Rfe7 25. Rb8 e3 26. R1b7 exf2+ 27. Qxf2 Qc1+ 28. Kh2 Qg5 29. Rxe7 Rxb8 30. Re3 Rb7 31. Rg3 Qh6 32. Be3 g5 33. Qf5 Rf7 34. Bd4 Qg6 35. Qc8+ Kg7 36. Qxa6 h5 37. a4 g4 38. Qe2 Kf8 39. a5 f5 40. Re3 Be4 41. a6 Re7 42. Qf2 gxh3 43. a7 Rxa7 44. Rxe4 Qxg2+ 45. Qxg2 hxg2 46. Rf4 Rf7 47. Kxg2 Ke7 48. Rh4 Rh7 49. Kf3 Kf7 50. Kf4 Kg6 51. Rh3 Rf7 52. Rg3+ Kh6 53. Rg8 Kh7 54. Rc8 h4 55. Rxc6 h3 56. Rc8 Kg6 57. Rg8+ Kh6 58. Rh8+ Rh7 59. Rxh7+ Kxh7 1-0

[Event "Budapest Spring op"]
[Site "Budapest"]
[Date "2019.04.10"]
[Round "2"]
[White "Losonczi, Marcell"]
[Black "Vetoshko, Volodymyr"]
[Result "1/2-1/2"]
[WhiteElo "2238"]
[BlackElo "2510"]
[PlyCount "234"]
[EventDate "2019.04.09"]
[EventType "swiss"]
[EventRounds "9"]
[EventCountry "HUN"]
[SourceTitle "CBM 190 Extra"]
[Source "ChessBase"]
[SourceDate "2019.07.15"]
[SourceVersion "1"]
[SourceVersionDate "2019.07.15"]
[SourceQuality "1"]

1. e4 c5 2. Nf3 e6 3. d4 cxd4 4. Nxd4 Nc6 5. Nb5 d6 6. c4 Nf6 7. N1c3 a6 8. Na3 Be7 9. Be2 0-0 10. Be3 b6 11. 0-0 Bb7 12. Qb3 Nd7 13. Qc2 Bf6 14. Rfd1 Nc5 15. f3 Be5 16. f4 Bxc3 17. Qxc3 Nxe4 18. Qd3 Ne7 19. Bf3 Nc5 20. Qxd6 Qxd6 21. Rxd6 Bxf3 22. gxf3 Nf5 23. Bxc5 bxc5 24. Rd2 Rfb8 25. Kf2 Kf8 26. Rad1 Ke7 27. Nb1 Rd8 28. Nc3 Nd6 29. b3 g6 30. Ne4 Nb7 31. Ke3 h6 32. Rxd8 Rxd8 33. Rxd8 Kxd8 34. a3 f5 35. Nd2 a5 36. h4 Kd7 37. Nb1 Nd8 38. Nc3 Nc6 39. Na4 Kd6 40. Nc3 Kd7 41. Na4 Kd6 42. Nc3 Nd8 43. Ne2 Nf7 44. Nc1 Nd8 45. Na2 Nf7 46. Nc1 e5 47. Nd3 exf4+ 48. Nxf4 Ne5 49. Nd5 Nc6 50. Nc3 g5 51. hxg5 hxg5 52. Ne2 Ke6 53. f4 g4 54. Kd3 Kf6 55. Ng3 Nd8 56. Ne2 Ne6 57. Ke3 Kg6 58. Kd3 Kh6 59. Ke3 Kh5 60. Ng3+ Kg6 61. Ne2 Kf7 62. Kd3 Ke7 63. Ke3 Ng7 64. Ng3 Ke6 65. Kd3 Ne8 66. Kc3 Nd6 67. Kd3 Kf6 68. Ke3 Kf7 69. Kd3 Ke6 70. Ke3 Kd7 71. Kd3 Kc6 72. a4 Kd7 73. Ke3 Ke6 74. Kd3 Kf6 75. Ke3 Kg6 76. Kd3 Nf7 77. Ke3 Nd8 78. Kd3 Nc6 79. Ne2 Kf7 80. Ke3 Nb4 81. Kd2 Kg6 82. Ng3 Nc6 83. Kd3 Nd4 84. b4 axb4 85. a5 Ne6 86. Ne2 Nc7 87. Ng3 Ne6 88. Ne2 Nc7 89. Ng3 Kf6 90. Kd2 Ke6 91. Kd3 Kd7 92. Nxf5 Ne6 93. a6 Kc7 94. Ne3 Nxf4+ 95. Ke4 Ne6 96. Nxg4 Kb6 97. Nf2 Nc7 98. Kd3 Nxa6 99. Kc2 Nb8 100. Nd3 Nc6 101. Kb3 Na5+ 102. Ka4 Nc6 103. Kb3 Nd4+ 104. Ka4 b3 105. Ka3 Kc6 106. Nc1 Kd6 107. Nxb3 Nxb3 108. Kxb3 Ke5 109. Kc3 Ke4 110. Kc2 Kd4 111. Kd2 Kxc4 112. Kc2 Kd4 113. Kd2 c4 114. Kc2 c3 115. Kc1 Kd3 116. Kd1 c2+ 117. Kc1 Kc3 1/2-1/2

[Event "Budapest FS10 IM"]
[Site "Budapest"]
[Date "2018.10.13"]
[Round "8"]
[White "Losonczi, Marcell"]
[Black "Arman, Deniz"]
[Result "0-1"]
[WhiteElo "2159"]
[BlackElo "2395"]
[PlyCount "112"]
[EventDate "2018.10.06"]
[EventType "tourn"]
[EventRounds "11"]
[EventCountry "HUN"]
[SourceTitle "CBM 186 Extra"]
[Source "ChessBase"]
[SourceDate "2018.08.24"]
[SourceVersion "1"]
[SourceVersionDate "2018.08.24"]
[SourceQuality "1"]

1. e4 c5 2. Nf3 d6 3. d4 cxd4 4. Nxd4 Nf6 5. Nc3 g6 6. Be3 Bg7 7. f3 Nc6 8. Qd2 0-0 9. 0-0-0 d5 10. Qe1 e5 11. Nxc6 bxc6 12. exd5 Nxd5 13. Bc4 Be6 14. Bc5 Qg5+ 15. Kb1 Rfd8 16. Ne4 Qxg2 17. Rg1 Qxf3 18. Rd3 Qh5 19. Ng5 Bf5 20. Rd2 h6 21. Be2 Qxh2 22. Bd3 Qf4 23. Rf2 Qa4 24. Nxf7 Bxd3 25. Nxd8 Rxd8 26. cxd3 Qb5 27. d4 Qd3+ 28. Ka1 Ne3 29. Qe2 Qxe2 30. Rxe2 exd4 31. Rxg6 d3 32. Rd2 Nc4 33. Rd1 Kh7 34. Rg4 Bxb2+ 35. Kb1 Ne5 36. Ra4 Bc3 37. Rxa7+ Kg6 38. Ra3 Rb8+ 39. Rb3 Rxb3+ 40. axb3 Kf5 41. Bd6 Ke4 42. Bxe5 Bxe5 43. Re1+ Kf5 44. Re3 d2 45. Kc2 h5 46. b4 Bf4 47. Rc3 h4 48. Rc5+ Kg4 49. Rxc6 h3 50. Rg6+ Kf3 51. Rg1 h2 52. Rh1 Kg2 53. Rxh2+ Kxh2 54. Kd1 Kg3 55. b5 Kf3 56. b6 Ke3 0-1

[Event "HUN-chT2 Charousek 1718"]
[Site "Hungary"]
[Date "2018.05.06"]
[Round "9.9"]
[White "Losonczi, Marcell"]
[Black "Csiszar, Viktoria"]
[Result "1-0"]
[WhiteElo "2141"]
[BlackElo "1910"]
[PlyCount "47"]
[EventDate "2017.10.29"]
[EventType "team-tourn"]
[EventRounds "9"]
[EventCountry "HUN"]
[SourceTitle "EXT 2020"]
[Source "ChessBase"]
[SourceDate "2019.10.17"]
[SourceVersion "1"]
[SourceVersionDate "2019.10.17"]
[SourceQuality "1"]
[WhiteTeam "Paks ASE II"]
[BlackTeam "Komlo Banyasz"]
[WhiteTeamCountry "HUN"]
[BlackTeamCountry "HUN"]

1. e4 g6 2. d4 Bg7 3. Nc3 c6 4. f4 d5 5. e5 h5 6. Nf3 Bg4 7. Be3 Nh6 8. Bd3 e6 9. 0-0 Nd7 10. b3 a6 11. Na4 Bf5 12. Be2 Ng4 13. Bd2 c5 14. dxc5 b5 15. cxb6 f6 16. exf6 Bxf6 17. h3 Bxa1 18. hxg4 hxg4 19. Qxa1 e5 20. Ng5 d4 21. fxe5 Nxe5 22. Bf4 Nc6 23. Bc4 Rh5 24. Qe1+ 1-0

[Event "Budapest FS03 IM"]
[Site "Budapest"]
[Date "2018.03.13"]
[Round "9"]
[White "Losonczi, Marcell"]
[Black "Lyell, Mark"]
[Result "0-1"]
[WhiteElo "2265"]
[BlackElo "2296"]
[PlyCount "86"]
[EventDate "2018.03.03"]
[EventType "tourn"]
[EventRounds "9"]
[EventCountry "HUN"]
[SourceTitle "CBM 183 Extra"]
[Source "ChessBase"]
[SourceDate "2018.04.19"]
[SourceVersion "1"]
[SourceVersionDate "2018.04.19"]
[SourceQuality "1"]

1. e4 e5 2. Nf3 Nc6 3. Bb5 a6 4. Ba4 f5 5. d4 fxe4 6. Nxe5 Qf6 7. Nxc6 dxc6 8. 0-0 Qg6 9. Qe2 Bf5 10. d5 b5 11. Bb3 c5 12. c4 Bd6 13. cxb5 Nf6 14. f4 0-0 15. Nc3 e3 16. Bxe3 Bd3 17. Qf3 c4 18. Ba4 Ng4 19. bxa6 Bxf1 20. Rxf1 Qd3 21. Bc1 Bc5+ 22. Kh1 Rxa6 23. Bd7 Qxf3 24. gxf3 Nf2+ 25. Rxf2 Bxf2 26. f5 Bd4 27. a4 Bxc3 28. bxc3 Rb8 29. Bf4 Rd6 30. Bxd6 cxd6 31. Bb5 Kf7 32. Kg2 Kf6 33. Kf2 Ke5 34. Bxc4 Rc8 35. Bb5 Rxc3 36. Bc6 Kf4 37. Bb5 Rc2+ 38. Ke1 Rxh2 39. a5 Ra2 40. a6 h5 41. Bc4 Ra4 42. Bb5 Ra5 43. Bc4 h4 0-1

[Event "Budapest FS03 IM"]
[Site "Budapest"]
[Date "2018.03.12"]
[Round "8"]
[White "Szalanczy, Emil"]
[Black "Losonczi, Marcell"]
[Result "1-0"]
[WhiteElo "2209"]
[BlackElo "2265"]
[PlyCount "59"]
[EventDate "2018.03.03"]
[EventType "tourn"]
[EventRounds "9"]
[EventCountry "HUN"]
[SourceTitle "CBM 183 Extra"]
[Source "ChessBase"]
[SourceDate "2018.04.19"]
[SourceVersion "1"]
[SourceVersionDate "2018.04.19"]
[SourceQuality "1"]

1. e4 e5 2. Nf3 Nc6 3. Bb5 a6 4. Ba4 Nf6 5. 0-0 Be7 6. Re1 b5 7. Bb3 0-0 8. h3 Bb7 9. d3 d6 10. a3 Qd7 11. Nc3 Rfe8 12. Bg5 Nd8 13. d4 exd4 14. Nxd4 Nxe4 15. Nxe4 Bxe4 16. Rxe4 Bxg5 17. Qg4 Rxe4 18. Qxd7 Re7 19. Qg4 Bf6 20. Rd1 Re5 21. c3 h5 22. Qf3 Rc8 23. Kf1 c6 24. Re1 Rxe1+ 25. Kxe1 d5 26. Qxh5 Bxd4 27. cxd4 Ne6 28. Bc2 Re8 29. Qh7+ Kf8 30. Kd1 1-0

[Event "Budapest FS03 IM"]
[Site "Budapest"]
[Date "2018.03.11"]
[Round "7"]
[White "Losonczi, Marcell"]
[Black "Pajeken, Jakob Leon"]
[Result "1/2-1/2"]
[WhiteElo "2265"]
[BlackElo "2162"]
[PlyCount "93"]
[EventDate "2018.03.03"]
[EventType "tourn"]
[EventRounds "9"]
[EventCountry "HUN"]
[SourceTitle "CBM 183 Extra"]
[Source "ChessBase"]
[SourceDate "2018.04.19"]
[SourceVersion "1"]
[SourceVersionDate "2018.04.19"]
[SourceQuality "1"]

1. e4 e5 2. Nf3 Nc6 3. Bb5 a6 4. Ba4 Nf6 5. 0-0 Be7 6. Re1 b5 7. Bb3 d6 8. c3 0-0 9. h3 Na5 10. Bc2 c5 11. d4 Nd7 12. b3 exd4 13. cxd4 Nc6 14. Bb2 cxd4 15. Nxd4 Nxd4 16. Bxd4 Bf6 17. Nc3 Bb7 18. Rc1 Rc8 19. Bb1 Re8 20. Bxf6 Qxf6 21. Qd2 Nf8 22. Nd5 Bxd5 23. Qxd5 Rxc1 24. Rxc1 Qb2 25. Rd1 Re6 26. Qd4 Qe2 27. Qd2 Qh5 28. Rc1 Rf6 29. Rc6 a5 30. Rxd6 Rxd6 31. Qxd6 Qe2 32. Qd3 Qb2 33. Qc2 Qd4 34. Kh2 g6 35. Qe2 b4 36. Bd3 Kg7 37. Bc4 Nd7 38. Qd3 Qe5+ 39. g3 Nf6 40. Bd5 Qb2 41. Qf3 Qxa2 42. Bc4 Qb2 43. Qf4 Qd4 44. Kg1 Qxe4 45. Qc7 Qe8 46. Qxa5 Qe7 47. Qb6 1/2-1/2

[Event "Budapest FS03 IM"]
[Site "Budapest"]
[Date "2018.03.06"]
[Round "3"]
[White "Losonczi, Marcell"]
[Black "To, Nhat Minh"]
[Result "1-0"]
[WhiteElo "2265"]
[BlackElo "2364"]
[PlyCount "47"]
[EventDate "2018.03.03"]
[EventType "tourn"]
[EventRounds "9"]
[EventCountry "HUN"]
[SourceTitle "CBM 183 Extra"]
[Source "ChessBase"]
[SourceDate "2018.04.19"]
[SourceVersion "1"]
[SourceVersionDate "2018.04.19"]
[SourceQuality "1"]

1. e4 c5 2. Nf3 d6 3. d4 cxd4 4. Nxd4 Nf6 5. Nc3 a6 6. f3 e6 7. Be3 b5 8. Qd2 Nbd7 9. g4 h6 10. 0-0-0 b4 11. Na4 d5 12. h4 dxe4 13. Bh3 Ne5 14. Qe2 Qa5 15. b3 Bb7 16. f4 Nf3 17. g5 Nxd4 18. Bxd4 Nd7 19. Bxe6 fxe6 20. Qh5+ Ke7 21. Bf6+ gxf6 22. gxf6+ Nxf6 23. Qxa5 Nd5 24. Nc5 1-0

[Event "Krakow op-A 28th"]
[Site "Krakow"]
[Date "2018.01.03"]
[Round "8"]
[White "Losonczi, Marcell"]
[Black "Marczuk, Dominik"]
[Result "1-0"]
[WhiteElo "2242"]
[BlackElo "2278"]
[PlyCount "67"]
[EventDate "2017.12.27"]
[EventType "swiss"]
[EventRounds "9"]
[EventCountry "POL"]
[SourceTitle "CBM 182 Extra"]
[Source "ChessBase"]
[SourceDate "2018.02.23"]
[SourceVersion "1"]
[SourceVersionDate "2018.02.23"]
[SourceQuality "1"]

1. e4 e6 2. d4 d5 3. Nc3 Nf6 4. e5 Nfd7 5. f4 c5 6. Nf3 Nc6 7. Be3 Be7 8. Qd2 a6 9. dxc5 Nxc5 10. 0-0-0 b5 11. Qf2 Nd7 12. Kb1 Qc7 13. Bd3 Bb7 14. Rhe1 Na5 15. f5 Nc5 16. f6 gxf6 17. exf6 Bf8 18. Nd4 Nc4 19. Bxc4 bxc4 20. Nf5 Kd8 21. Ne7 Nd7 22. Nexd5 exd5 23. Nxd5 Bxd5 24. Rxd5 Rb8 25. Red1 Ba3 26. Rxd7+ Qxd7 27. Bb6+ Kc8 28. Rxd7 Kxd7 29. bxa3 Rhc8 30. Kc1 Rc6 31. Qf5+ Re6 32. Bd4 Kc6 33. Qxh7 Rd8 34. Qxf7 1-0

[Event "Krakow op-A 28th"]
[Site "Krakow"]
[Date "2018.01.02"]
[Round "7"]
[White "Daniel, Damian"]
[Black "Losonczi, Marcell"]
[Result "0-1"]
[WhiteElo "2102"]
[BlackElo "2242"]
[PlyCount "92"]
[EventDate "2017.12.27"]
[EventType "swiss"]
[EventRounds "9"]
[EventCountry "POL"]
[SourceTitle "CBM 182 Extra"]
[Source "ChessBase"]
[SourceDate "2018.02.23"]
[SourceVersion "1"]
[SourceVersionDate "2018.02.23"]
[SourceQuality "1"]

1. d4 Nf6 2. c4 d6 3. Nc3 Nbd7 4. e4 e5 5. d5 Nc5 6. Bd3 Nxd3+ 7. Qxd3 g6 8. Nge2 Bg7 9. f3 0-0 10. Bg5 h6 11. Bh4 Qe8 12. Nb5 Qe7 13. g4 a6 14. Na3 c6 15. 0-0 c5 16. Nc2 Qc7 17. Bf2 Nh7 18. Ne3 Bd7 19. a3 Rae8 20. Ng3 Qd8 21. Kg2 Kh8 22. Rab1 b5 23. b4 cxb4 24. Rxb4 h5 25. gxh5 Ng5 26. h6 Bxh6 27. Ng4 Bg7 28. h4 Nh7 29. h5 f5 30. hxg6 fxg4 31. Rh1 Qg5 32. Rxh7+ Kg8 33. Nh5 gxf3+ 34. Kf1 Re7 35. Qe3 Qxg6 36. Rxg7+ Rxg7 37. Nxg7 Kxg7 38. Ke1 Rf4 39. cxb5 a5 40. Rc4 Bxb5 41. Rc7+ Kf8 42. Rc8+ Ke7 43. Kd2 Rxe4 44. Qb6 Re2+ 45. Kc1 Qg5+ 46. Kb1 Qf5+ 0-1

[Event "Corund Ceramica op 3rd"]
[Site "Corund"]
[Date "2017.09.29"]
[Round "5"]
[White "Costachi, Mihnea"]
[Black "Losonczi, Marcell"]
[Result "1-0"]
[WhiteElo "2418"]
[BlackElo "2091"]
[PlyCount "51"]
[EventDate "2017.09.26"]
[EventType "swiss"]
[EventRounds "9"]
[EventCountry "ROU"]
[SourceTitle "EXT 2018"]
[Source "ChessBase"]
[SourceDate "2017.10.13"]
[SourceVersion "1"]
[SourceVersionDate "2017.10.13"]
[SourceQuality "1"]

1. d4 Nf6 2. c4 d6 3. Nf3 g6 4. Nc3 Bg7 5. e4 0-0 6. h3 e5 7. d5 Na6 8. Be3 Nh5 9. g3 f5 10. exf5 gxf5 11. Nh4 Nf6 12. Bd3 f4 13. gxf4 exf4 14. Bd4 c5 15. dxc6 bxc6 16. Rg1 c5 17. Bxf6 Qxf6 18. Qh5 Qe5+ 19. Qxe5 dxe5 20. 0-0-0 Kh8 21. Rg5 Bf6 22. Rh5 Rf7 23. Ng6+ Kg8 24. Nxe5 Rg7 25. Nd5 Bd8 26. Nc6 1-0

[Event "Corund Ceramica op 3rd"]
[Site "Corund"]
[Date "2017.09.27"]
[Round "3"]
[White "Goth, Gabor"]
[Black "Losonczi, Marcell"]
[Result "0-1"]
[WhiteElo "1973"]
[BlackElo "2091"]
[PlyCount "114"]
[EventDate "2017.09.26"]
[EventType "swiss"]
[EventRounds "9"]
[EventCountry "ROU"]
[SourceTitle "EXT 2018"]
[Source "ChessBase"]
[SourceDate "2017.10.13"]
[SourceVersion "1"]
[SourceVersionDate "2017.10.13"]
[SourceQuality "1"]

1. e4 e5 2. Nf3 Nc6 3. Bc4 Nf6 4. d4 exd4 5. 0-0 Nxe4 6. Re1 d5 7. Bxd5 Qxd5 8. Nc3 Qa5 9. Nxe4 Be6 10. Bd2 Qf5 11. Nh4 Qd5 12. Bg5 Be7 13. Bxe7 Nxe7 14. c4 dxc3 15. Nxc3 Qxd1 16. Raxd1 0-0 17. Nf3 Nc6 18. Ng5 Bf5 19. Rd5 Rfe8 20. Red1 Rad8 21. f3 f6 22. Nge4 Be6 23. Rxd8 Rxd8 24. Rxd8+ Nxd8 25. Kf2 a6 26. Nc5 Kf7 27. Ke3 Ke7 28. a3 Kd6 29. N5e4+ Ke7 30. Nc5 Bc8 31. h4 b6 32. N5e4 Bb7 33. Ng3 Ne6 34. Nf5+ Kf7 35. b4 g6 36. Ng3 Ke7 37. h5 Kd6 38. hxg6 hxg6 39. Nge4+ Ke7 40. g3 Bxe4 41. Kxe4 Kd6 42. f4 f5+ 43. Kd3 c5 44. Kc4 b5+ 45. Kd3 Nc7 46. Na2 Nd5 47. bxc5+ Kxc5 48. Nc1 Nf6 49. Nb3+ Kd5 50. Nd2 Ne4 51. Nxe4 fxe4+ 52. Ke3 a5 53. g4 b4 54. axb4 axb4 55. f5 gxf5 56. gxf5 b3 57. f6 Ke6 0-1